000 00492nam a2200181Ia 4500
008 100920s9999 xx 000 0 und d
082 _b41754
_a24 थ 80
100 _aदिघे प्रभाकर.
245 _aनजर.
260 _bप्रिया प्रकाशन,मुंबई 4.
_c1980
300 _a206
_bसाधी
365 _b27
520 _aसायो.
630 _aनजर.
650 _aसायो.
730 _aनजर.
942 _cBOOK
999 _c692259
_d692256